000 00691nam a2200241 i 4500
001 9313
003 ES-MaACL
005 20250824212229.0
007 t|
008 930804s1987 sp ||||1| spa d
020 _a84-86568-10-2
080 _a86-4"19"
080 _a86(Pasquau,J.7 A.01)
100 1 _aPasquau, Juan.
_989429
245 1 0 _aA la busca del hombre perdido /
_cJuan Pasquau.
250 _a[1ª ed.].
260 _aMadrid :
_bPrensa y Ediciones Iberoamericanas,
_c1987.
300 _a217 p. ;
_c18 cm.
490 1 _aLos Libros de doña Berta ;
_v8
830 0 4 _aLos libros de doña Berta
_v8
_9178268
852 _aES-MaACL
_jL-16969
_bR.118491
999 _c9313
_d9313